Podpora inovačných aktivít podnikov na Slovensku diplomová práca

Enregistré dans:
Détails bibliographiques
Auteur principal: Persáková, Veronika
Collectivité auteur: Podnikovohospodárska fakulta EU so sídlom v Košiciach. Katedra manažmentu
Autres auteurs: Szaryszová, Petra, 1984-
Format: Livre
Langue:slovaque
Publié: Košice 2021
Tags: Ajouter un tag
Pas de tags, Soyez le premier à ajouter un tag!

MARC

LEADER 00000nbm a2200000 4500
001 0274064
005 20220404141235.7
041 0 |a slo 
044 |a SK 
245 1 0 |a Podpora inovačných aktivít podnikov na Slovensku  |b diplomová práca  |c Veronika Persáková ; školiteľ: Petra Szaryszová 
264 1 |a Košice  |c 2021 
300 |a 71 s. 
100 1 |a Persáková, Veronika 
700 1 |a Szaryszová, Petra, 1984- 
710 2 |a Podnikovohospodárska fakulta EU so sídlom v Košiciach. Katedra manažmentu